00586nam a2200181 a 4500008004100000020002200041050002100063100002500084245009600109260004000205300003500245500002000280504004100300650003600341003000100377005001700378040000900395  a0397509693 (pbk.)00aRD732.3.C48bMOR1 aMorrissy, Raymond T.10aAtlas of pediatric orthopaedic surgery /cRaymond T. Morrissy ; illustrated by Bernie Kida. aPhiladelphia :bLippincott,cc1992. axiii, 747 p. :bill. ;c29 cm. aIncludes index. aIncludes bibliographical references. 0aPediatric orthopedicsxAtlases.20230120204153.0 cNUST